ABHINAV SALYA VIGYAN VOL-1 (Record no. 58330)
[ view plain ]
| 000 -LEADER | |
|---|---|
| fixed length control field | 00393nam a22001697a 4500 |
| 008 - FIXED-LENGTH DATA ELEMENTS--GENERAL INFORMATION | |
| fixed length control field | 240220b |||||||| |||| 00| 0 eng d |
| 020 ## - ISBN | |
| International Standard Book Number | 9788176370769 |
| 040 ## - CATALOGING SOURCE | |
| Original cataloging agency | IIMT Ayurveda Medical College and Hospital(0669) |
| 082 ## - DDC NUMBER | |
| Classification number | 612.5 THA |
| 100 ## - MAIN ENTRY--PERSONAL NAME | |
| Personal name | THAKRAL , K.K |
| 110 ## - MAIN ENTRY--CORPORATE NAME | |
| Department | AYURVEDA |
| 245 ## - TITLE STATEMENT | |
| Title | ABHINAV SALYA VIGYAN VOL-1 |
| 250 ## - EDITION STATEMENT | |
| Edition statement | 2 ND |
| 260 ## - PUBLICATION, DISTRIBUTION, ETC. (IMPRINT) | |
| Place of publication, distribution, etc | VARANASI |
| Name of publisher, distributor, etc | CHAUKHAMBA |
| Date of publication, distribution, etc | 2019 |
| 650 ## - Subject | |
| Subject | SALYAVIGYAN |
| 942 ## - ADDED ENTRY ELEMENTS (KOHA) | |
| Koha item type | Text-Book- for 7 days |
| 952 ## - LOCATION AND ITEM INFORMATION (KOHA) | |
| -- | 2024-02-20 |
| -- | 2024-02-20 |
| 952 ## - LOCATION AND ITEM INFORMATION (KOHA) | |
| -- | 2025-09-26 |
| -- | 2024-02-20 |
| -- | 2024-02-20 |
| Withdrawn status | Lost status | Source of classification or shelving scheme | Damaged status | Not for loan | Location (home branch) | Sublocation or collection (holding branch) | Date acquired | Source of Acquisition | Koha full call number | Accession No. | Koha date last seen | Koha item type | Koha issues (times borrowed) |
|---|---|---|---|---|---|---|---|---|---|---|---|---|---|
| IIMT Ayurveda Medical College and Hospital(0669) | IIMT Ayurveda Medical College and Hospital(0669) | 02/10/2024 | CHAUKHAMBA SANSKRIT PRATISHTHAN | 612.5 THA | 30-B-6953 | 02/20/2024 | Text-Book- for 7 days | ||||||
| IIMT Ayurveda Medical College and Hospital(0669) | IIMT Ayurveda Medical College and Hospital(0669) | 02/10/2024 | CHAUKHAMBA SANSKRIT PRATISHTHAN | 612.5 THA | 30-B-6954 | 10/03/2025 | Text-Book- for 7 days | 1 |

